000 00877cam a22002655a 4500
001 17869777
005 20201128023936.0
008 130829t2014 nyua frb 001 0 eng d
020 _a9780071813105
020 _a0071813101
040 _aDLC
_beng
_cDLC
_dDLC
_dEG-ScBUE
_dEG-ScBUE
082 0 4 _a332.64
_222
_bCAR
100 1 _aCarr, Thomas K.
245 1 0 _aMarket-neutral trading :
_bcombining technical and fundamental analysis into 7 long-short trading systems /
_cDr. Thomas K. Carr ("Dr. Stoxx").
260 _aNew York :
_bMcgraw-Hill Education,
_cc.2014.
300 _axv, 347 p. :
_bill. ;
_c24 cm.
500 _aIndex : p. 335-347.
590 _aSameh
650 7 _a Investment analysis.
_2BUEsh
_91288
650 7 _aPortfolio management.
_2BUEsh
_92032
650 7 _aInvestments.
_2BUEsh
_99026
651 _2BUEsh
653 _bBUSADM
_cOctober2016
942 _2ddc
999 _c22852
_d22824